000 00279nam a2200121Ia 4500
100 _aHartman/W & Others
942 _cBK
654 _aHandbook
245 _aManagement Informaion Systems Handbook
260 _bMcGraw Hill
_aNEWYORK
_c1972
082 _a658.4
546 _aENGLISH
999 _c29129
_d29129